Tracé de Mario Kart World - Statistiques

Statistiques générales
  • Ce quiz a été pris 77 fois
  • Le résultat moyen est 24 sur 30
Statistiques - réponses
Par images Réponse % Correct
Circuit Mario
95%
Route Arc-en-ciel
93%
Plage Koopa
91%
Circuit Mario Bros
88%
Bateau Volant
86%
Jungle Dino Dino
86%
Stade Wario
86%
Trophéopolis
86%
Usine Toad
86%
Château de Bowser
84%
Alpes DK
81%
Plage Peach
81%
Spatioport DK
81%
Bloc ? Antique
79%
Cinema Boo
79%
Gouffre Pissenlit
79%
Prairie Meuh Meuh
79%
Chemin du Chêne
77%
Cité Fleur-de-Sel
77%
Cité Sorbet
77%
Montagne Choco
77%
Mont Tchou Tchou
77%
Désert du Soleil
74%
Stade Peach
74%
Fournaise osseuse
72%
Souk Maskass
72%
Chutes Cheep Cheep
70%
Galion de Wario
70%
Savane Sauvage
70%
Pic de l'Observatoire
65%
Aucun quiz correspondant
Distribution des résultats
% des personnes avec chaque résultat
Percentile par nombre de réponses
Votre historique - résultats
Vous n’avez pas pris ce quiz